000 02995nab a2200277 i 4500
003 BR-BrBNA
005 20241210153607.0
008 241210b2011 bl.qr|pooa||| 00| 0 por |
040 _aBR-BrBNA
_bpor
072 _aF70
100 _aFortuna-Perez, Ana Paula
100 _aSilva, Marcos José da
100 _aTozzi, Ana Maria Goulart de Azevedo
245 _aStylosanthes (Leguminosae–Papilionoideae–Dalbergiae) no estado de São Paulo, Brasil
500 _aPublicação on-line; 21 ref.; 5 illus.; Summaries (En, Pt)
520 _a Resumo Stylosanthes Sw. possui 48 espécies com distribuição pantropical. O gênero é membro do informal clado Pterocarpus – Dalbergióide. Este trabalho apresenta um estudo taxonômico do gênero Stylosanthes para o estado de São Paulo e foi realizado através de consulta de literatura especializada e exsicatas oriundas de herbários nacionais. Foram reconhecidas nove espécies: S. acuminata M.B. Ferreira & Sousa Costa, S. bracteata Vogel, S. capitata Vogel, S. humilis Kunth, S. gracilis Kunth, S. grandiflora M.B. Ferreira & Sousa Costa, S guianensis (Aubl.) Sw., S. scabra Vogel e S. viscosa Sw., diferenciadas principalmente pelo hábito, forma da inflorescência, número de artículos por lomento, aspecto do rostro nos lomentos e da semente. Descrições, ilustrações, comentários sobre afinidades entre as espécies, baseadas em morfologia e distribuição geográfica, e uma chave para o reconhecimento dos táxons são fornecidos. Palavras-chave: flora, Stylosanthes, taxonomia, diversidade.
520 _a Abstract Stylosanthes Sw. comprises 48 species with a pantropical distribution. The genus is a member of the informal Pterocarpus – Dalbergioid clade. This work presents a taxonomic study of the genus Stylosanthes for São Paulo state, through analysis of specialized literature and material from national herbaria. Nine species were recognized: S. acuminata M.B. Ferreira & Sousa Costa, S. bracteata Vogel, S. capitata Vogel, S. humilis Kunth, S. gracilis Kunth, S. grandiflora M.B. Ferreira & Sousa Costa, S guianensis (Aubl.) Sw., S. scabra Vogeland S. viscosa Sw., differing mainly in habit, inflorescence form, number of articles per loment, aspect of the rostrum in the loments and seed aspect. Descriptions, illustrations, comments on affinities between species based on morphology, geographic distribution and a key for the recognition of the taxa are provided. Key words: flora, Stylosanthes, taxonomy, diversity.
650 _aFLORA
650 _aTAXONOMIA
650 _aBIODIVERSIDADE
650 _aSTYLOSANTHES GUIANENSIS
773 0 _0709
_9347204
_dRio de Janeiro-RJ Jardim Botanico do Rio de Janeiro 1935
_o2024-8121
_tRodriguésia (Brazil)
_x0370-6583; 2175-7860 on-line
_gv. 62(3) p. 615-628; (2011)
_wBR2024003849
856 _uhttps://www.scielo.br/j/rod/a/fMXgPbpfXW83C4mZ7z99Q5B/?format=pdf&lang=pt
942 _cANA
999 _c329151
_d329151